00400 a2200121 4500001001000000005001700010008004100027245008000068100002000148700002300168773007000191999001700261ART_5624520260410162029.0260409a 10aEl proceso, la pandemia y el pase sanitario en la Provincia de Buenos Aires1 aRossi, Jorge O.1 aCofré, Noelia M.0 tTemas de derecho procesalg- Año 6, N° 5 (mayo 2022)wREV44095 c33851d33851